SISTEMA REGIONAL DE INNOVACION : (Registro nro. 53796)
[ vista simple ]
| 000 -LEADER | |
|---|---|
| fixed length control field | 01285nam a2200217 a 4500 |
| 001 - CONTROL NUMBER | |
| control field | 53796 |
| 005 - DATE AND TIME OF LATEST TRANSACTION | |
| control field | 20180714044238.0 |
| 008 - FIXED-LENGTH DATA ELEMENTS--GENERAL INFORMATION | |
| fixed length control field | 140415s2009 mx 000 0 spa d |
| 020 ## - INTERNATIONAL STANDARD BOOK NUMBER | |
| International Standard Book Number | 9786077796077 |
| 041 ## - LANGUAGE CODE | |
| Language code of text/sound track or separate title | spa |
| 082 ## - DEWEY DECIMAL CLASSIFICATION NUMBER | |
| Classification number | 338.97232 |
| Item number | BAJ |
| 100 1# - MAIN ENTRY--PERSONAL NAME | |
| Personal name | BAJO, ALONSO |
| 245 10 - TITLE STATEMENT | |
| Title | SISTEMA REGIONAL DE INNOVACION : |
| Remainder of title | ANALISIS DE SUS INDICADORES BASICOS EN SINALOA Y SONORA |
| 250 ## - EDITION STATEMENT | |
| Edition statement | 1a ed. |
| 260 ## - PUBLICATION, DISTRIBUTION, ETC. | |
| Place of publication, distribution, etc. | MEXICO : |
| Name of publisher, distributor, etc. | UNIVERSIDAD AUTONOMA DE SINALOA INSTITUTO DE INstituto..., |
| Date of publication, distribution, etc. | 2009 |
| 300 ## - PHYSICAL DESCRIPTION | |
| Extent | 164 |
| Dimensions | 17 x 0.8 x 23 |
| 520 ## - SUMMARY, ETC. | |
| Summary, etc. | EL LIBRO QUE HOY NOS ENTREGAN LOS ESTUDIOSOS DE ESTE CAMPO, ALONSO BAJO, JOSÉ BASTIDAS MORALES Y RAMONA FLORES VARELA, ES UNA APORTACION AL ESTUDIO DE LOS SISTEMAS REGIONALES DE INNOVACIÓN DESDE PRESPECTIVAS ESPECIFICAS, TANTO GEOGRÁFICA COMO DEL ESPACIO DISCIPLINARIO.EN EL CAMPO DISCIPLINARIO, QUE SE OCUPA DE LOS SISTEMAS E INDICADORES, NO SIGUEN UN CAMINO RESTRINGIDO EN ETS ASPECTO , SI NO QUE ENCONTRAMOS UNA SERIO DE DISCUSIONES Y PROPUESTAS TEORICAS EN TORNO A LOS SISTEMAS NACION |
| 650 14 - SUBJECT ADDED ENTRY--TOPICAL TERM | |
| Topical term or geographic name entry element | INDICADORES ECONOMICOS |
| General subdivision | PLANIFICACION REGIONAL |
| -- | INNOVACIONES TECNOLOGICAS |
| -- | ASPECTOS ECONOMICOS |
| -- | ESTADOS UN |
| 700 1# - ADDED ENTRY--PERSONAL NAME | |
| Personal name | LOPEZ LEYVA, SANTOS |
| Relator term | pról. |
| 700 1# - ADDED ENTRY--PERSONAL NAME | |
| Personal name | BASTIDAS MORALES, JOSE -FLORES VARELA, RAMON |
| Relator term | coaut. |
| Withdrawn status | Lost status | Source of classification or shelving scheme | Damaged status | Not for loan | Collection code | Home library | Current library | Shelving location | Date acquired | Source of acquisition | Inventory number | Total Checkouts | Full call number | Barcode | Date last seen | Price effective from | Koha item type | Date last checked out |
|---|---|---|---|---|---|---|---|---|---|---|---|---|---|---|---|---|---|---|
| Dewey Decimal Classification | General | Biblioteca Karol Wojtyla | Biblioteca Karol Wojtyla | Sala general | 03/12/2013 | Compra | 151000000000000000052110 | 338.06409722 BAJ | 85242 | 05/01/2026 | 03/12/2013 | Libro | ||||||
| Dewey Decimal Classification | General | Biblioteca Karol Wojtyla | Biblioteca Karol Wojtyla | Sala general | 03/12/2013 | Compra | 151000000000000000051251 | 338.97232 BAJ | 80017 | 05/01/2026 | 03/12/2013 | Libro | ||||||
| Dewey Decimal Classification | General | Biblioteca Karol Wojtyla | Biblioteca Karol Wojtyla | Sala general | 03/12/2013 | Compra | 151000000000000000051252 | 338.97232 BAJ | 80018 | 05/01/2026 | 03/12/2013 | Libro | 26/06/2015 |